|
|
|
|
| LEADER |
00000nam1a2200000 4500 |
| 001 |
303986 |
| 005 |
20231101010340.0 |
| 035 |
|
|
|a (RuTPU)RU\TPU\book\329221
|
| 090 |
|
|
|a 303986
|
| 100 |
|
|
|a 20150908d2014 km y0rusy50 ca
|
| 101 |
0 |
|
|a rus
|
| 102 |
|
|
|a RU
|
| 200 |
1 |
|
|a Электромагнитные и магнитные методы неразрушающего контроля материалов и изделий
|e в 2 т.
|f А. И. Потапов [и др.]
|
| 210 |
|
|
|a Санкт-Петербург
|c Нестор-История
|d 2014-2015
|
| 701 |
|
1 |
|a Потапов
|b А. И.
|
| 701 |
|
1 |
|a Сясько
|b В. А.
|
| 701 |
|
1 |
|a Соломенчук
|b П. В.
|
| 701 |
|
1 |
|a Ивкин
|b А. Е.
|
| 701 |
|
1 |
|a Чертов
|b Д. Н.
|
| 801 |
|
1 |
|a RU
|b 63413507
|c 20150908
|
| 801 |
|
2 |
|a RU
|b 63413507
|c 20151202
|g RCR
|
| 942 |
|
|
|c BK
|